Statistics for World Cities with Shortest Names - One Minute Sprint

Click here to take the quiz!

General Stats

  • This quiz has been taken 46 times
  • The average score is 10 of 29

Answer Stats

regioncity% Correct
ChinaXi'an
75%
EuropeRome
72%
AfricaCairo
69%
AsiaTokyo
69%
EuropeParis
67%
S AmericaLima
61%
AfricaLagos
56%
AfricaAccra
47%
EuropeMilan
44%
AsiaSeoul
42%
EuropeKiev
39%
AsiaDelhi
36%
AfricaKano
36%
AsiaHanoi
31%
AsiaOsaka
31%
N AmericaMiami
28%
ChinaWuhan
28%
AsiaDhaka
25%
ChinaWuxi
19%
AsiaPune
17%
AfricaDakar
14%
ChinaZibo
14%
AsiaSurat
11%
ChinaJinan
8%
N AmericaTampa
8%
AsiaBusan
6%
ChinaHefei
3%
AsiaKabul
0%
AsiaMedan
0%

Score Distribution

Percentile by Number Answered

Percent of People with Each Score

Your Score History

You have not taken this quiz